| 000 | 00665nam a2200229 a 4500 | ||
|---|---|---|---|
| 005 | 20210219153346.0 | ||
| 008 | 991125n 000 0 u | ||
| 035 | _aUPN01000093882 | ||
| 100 | _aWray, David | ||
| 222 |
_aREADING : _bA JOURNAL FOR THE STUDY AND IMPROVEMENT OF READING AND RELATED SKILLS |
||
| 245 | _aPrimary children's use of information books | ||
| 300 | _a19-24 | ||
| 362 | _a26, No. 3, 1992 | ||
| 505 | _aSeptiembre 1993 | ||
| 653 | 0 | _aCONDUCTA DEL ESTUDIANTE | |
| 653 | 0 | _aFUENTES DE INFORMACION | |
| 653 | 0 | _aLIBROS | |
| 653 | 0 | _aSOLICITUD DE INFORMACION | |
| 700 | _aLewis, Maureen | ||
| 904 |
_aAC _b031693 |
||
| 905 | _aArticulo | ||
| 999 |
_c74816 _d74816 |
||